000 00349nam a22001337a 4500
008 181102b xxu||||| |||| 00| 0 eng d
020 _a9781556202445
041 _aeng
080 _a371
100 _a46
101 _aEDU
245 _aThe Emerging Professional Counselor Students Dreams to Professional Realities
_cHazler , R.J
942 _2udc
_cBK
999 _c51731
_d51731